La "historia" de los señores étnicos de Casabindo y Cochinoca (1540-1662) /

La recuperación y el análisis histórico del relato de los ancianos indígenas del pueblo de Casabindo en 1662 sobre la historia de su pueblo y de sus autoridades desde el fin del "tiempo del inca", conforman las preocupaciones centrales de este artículo. Durante su desarrollo se avanza en la inclusió...

Descripción completa

Detalles Bibliográficos
Autor principal: Palomeque, Silvia
Formato: Analitica de revista
Lenguaje:español
Publicado: Salta, Argentina Centro Promocional de las Investigaciones en Historia y Antropología 2006

MARC

LEADER 00000cab a2200000 a 4500
001 024725
003 UAHC_CL
005 20170816130655.0
008 100317s2006 ar 000 spa
952 |0 0  |1 0  |4 0  |6 ANDES_SALTA17_06_000000000000000  |7 0  |8 General  |9 49429  |a BC  |b BC  |c General  |d 2017-08-03  |l 0  |o ANDES (SALTA)-17/06  |p FICTICIO330  |r 2019-01-08 00:00:00  |t 1  |w 2017-08-03  |y REVA 
999 |c 24725  |d 24725 
040 |a UAHC_CL  |c UAHC_CL  |d UAHC_CL 
100 1 |a Palomeque, Silvia 
245 1 3 |a La "historia" de los señores étnicos de Casabindo y Cochinoca (1540-1662) /  |c Silvia Palomeque. 
260 |b Centro Promocional de las Investigaciones en Historia y Antropología  |a Salta, Argentina  |c 2006 
300 |a p. 139-194 
310 |a Semestral 
500 |a En: Andes. Antropología e historia. No. 17, 2006. pp. 139-194. ISSN: 03271676. 
520 |a La recuperación y el análisis histórico del relato de los ancianos indígenas del pueblo de Casabindo en 1662 sobre la historia de su pueblo y de sus autoridades desde el fin del "tiempo del inca", conforman las preocupaciones centrales de este artículo. Durante su desarrollo se avanza en la inclusión de la historia de este grupo indígena dentro de la historia política y militar del largo y confuso periódo de la invasión española sobre las poblaciones indígenas de este pueblo en particular y también de los localizados en zonas vecinas, que habitaban los territorios que actualmente forman parte del norte de Argentina, de Chile, y del sur de Bolivia. 
773 0 |t Andes : Antropología e historia  |w 024711 
900 |a ANDES (SALTA)-17/06 
942 |c REVA  |2 ddc